[Event "N4 ENHM/ Chaumont"]
[Site "?"]
[Date "2008.10.19"]
[Round "1"]
[White "Herrmann, Jean-Philippe"]
[Black "Adda, Olivier"]
[Result "1-0"]
[WhiteElo "2228"]
[BlackElo "2110"]
[PlyCount "53"]
[EventDate "2008.10.20"]
[SourceDate "2008.10.20"]

1. e4 e5 2. f4 exf4 3. Nf3 g5 4. h4 g4 5. Ng5 h6 6. Nxf7 Kxf7 7. Nc3 Nf6 8. d4
d5 9. Bxf4 Bb4 10. Be2 Nc6 11. O-O dxe4 12. Bc4+ Kg7 13. d5 Bc5+ 14. Kh1 Nh5
15. Qe1 Rf8 16. Nxe4 Bf2 $4 17. Rxf2 Qxh4+ 18. Kg1 Nxf4 19. Qc3+ Kg6 20. Raf1
Bf5 21. Rxf4 Bxe4 22. Rxf8 Rxf8 23. Rxf8 Ne7 24. d6 g3 25. Bf7+ Kg5 26. Qe5+
Bf5 27. Qxe7+ 1-0

[Event "N4 ENHM/ Chaumont"]
[Site "?"]
[Date "2008.10.19"]
[Round "1"]
[White "Rapinel, Franck"]
[Black "Viard, Dominique"]
[Result "1-0"]
[WhiteElo "2110"]
[BlackElo "2040"]
[PlyCount "91"]
[EventDate "2008.10.20"]
[SourceDate "2008.10.20"]

1. Nf3 Nf6 2. c4 e6 3. g3 b6 4. Bg2 Bb7 5. O-O Be7 6. Nc3 O-O 7. d4 d5 8. Ne5
Nbd7 9. Qa4 c5 10. Nxd7 Nxd7 11. cxd5 cxd4 12. Qxd4 Bf6 13. Qd1 exd5 14. Nxd5
Bxd5 15. Qxd5 Rc8 16. Bh3 Nc5 17. Qf3 Ra8 18. Rb1 Qe7 19. Bf4 Rad8 20. Rfc1
Rfe8 21. Rc2 Ne6 22. Bxe6 Qxe6 23. b3 Rd7 24. Kg2 Red8 25. Rbc1 g5 26. Be3 h6
27. Rc6 Rd6 28. Rxd6 Rxd6 29. Rc4 Kg7 30. Rc7 a5 31. h3 a4 32. Rc4 axb3 33.
axb3 b5 34. Rb4 Rd5 35. Re4 Qd7 36. h4 Rf5 37. Qg4 Qd5 38. f3 Kf8 39. Bd4 Bxd4
40. Rxd4 Qe6 41. Re4 Qd5 42. hxg5 hxg5 $4 43. Qh5 Kg7 44. Re8 Rf6 45. Qh8+ Kg6
46. g4 1-0

[Event "N4 ENHM/ Chaumont"]
[Site "?"]
[Date "2008.10.19"]
[Round "?"]
[White "Robert-Dehault, Etienne"]
[Black "Carniol, Thomas"]
[Result "1/2-1/2"]
[WhiteElo "1942"]
[BlackElo "2096"]
[PlyCount "122"]
[EventDate "2008.10.20"]
[SourceDate "2008.10.20"]

1. d4 Nf6 2. Nf3 g6 3. c4 Bg7 4. Nc3 O-O 5. e4 d6 6. Be2 e5 7. O-O Nc6 8. d5
Ne7 9. Nd2 c5 10. Rb1 Ne8 11. b4 b6 12. bxc5 bxc5 13. Nf3 h6 14. Bd2 f5 15. Ne1
Nf6 16. Bf3 f4 17. h3 h5 18. Be2 Rf7 19. Nf3 Bh6 20. Nh2 Rg7 21. Bf3 Kh8 22.
Qe2 Neg8 23. Rb2 Ne8 24. Rfb1 Qh4 25. Rb8 Rxb8 26. Rxb8 Bd7 27. Rb7 Ngf6 28.
Be1 g5 29. g3 g4 30. hxg4 hxg4 31. Nxg4 fxg3 32. fxg3 Qh3 (32... Rxg4 $5 33.
Bxg4 Qxg4 34. Qxg4 Bxg4) 33. Nxh6 Qxh6 34. Qh2 Qxh2+ 35. Kxh2 Bg4 36. Rxg7 Kxg7
37. Kg2 Bxf3+ 38. Kxf3 a6 39. Nd1 Kg6 40. Ne3 Ng7 41. Ba5 Nh7 42. Bd8 Ng5+ 43.
Bxg5 Kxg5 44. g4 Ne8 45. Nf5 Kf6 46. Kg3 Kg5 47. a3 Nf6 48. Nxd6 Nxg4 49. Nf7+
Kh5 50. d6 Nf6 51. Kf3 Nd7 52. Nd8 Kg6 53. Nb7 Kf6 54. Kg4 Ke6 55. a4 Nb6 56.
Nxc5+ Kxd6 57. Nxa6 Nxa4 58. Kf5 Kc6 59. Kxe5 Kb6 60. Kd5 Kxa6 61. Kc6 Nb2
1/2-1/2

[Event "N4 ENHM/ Chaumont"]
[Site "?"]
[Date "2008.10.19"]
[Round "1"]
[White "Beaugrand, Julien"]
[Black "Talbot, Rémi"]
[Result "1-0"]
[WhiteElo "1744"]
[BlackElo "1850"]
[PlyCount "117"]
[EventDate "2008.??.??"]

1. e4 Nf6 2. e5 Nd5 3. d4 d6 4. exd6 exd6 5. Nf3 Bg4 6. Be2 Be7 7. O-O O-O 8.
c4 Nf6 9. Nc3 d5 10. c5 c6 11. Bg5 Nbd7 12. Qc2 Qc7 13. Nd1 Rfe8 14. Ne3 Bh5
15. Nf5 Bf8 16. Ng3 Bg6 17. Qd2 Nh5 18. Nh4 Nxg3 19. fxg3 Be4 20. Rf2 h6 21.
Be3 Re7 22. Raf1 Rae8 23. Bf4 Qd8 24. Bd6 Re6 25. Bg4 Rf6 26. Bxd7 Rxf2 27.
Qxf2 Qxd7 28. Bxf8 Kxf8 29. Re1 Re6 30. Qf4 Qc8 (30... g5 $3) 31. Rf1 Qe8 32.
Qc7 Re7 33. Qd6 Kg8 34. Qf4 g5 35. Qg4 Qf8 36. Nf3 f5 37. Qh5 Bxf3 38. Rxf3 Qf6
39. Rd3 Kg7 (39... Re1+ $3 40. Kf2 Qe6 41. Qf3 g4) 40. Qf3 Qe6 41. Qf2 Qe1+ 42.
Qxe1 Rxe1+ 43. Kf2 Re7 44. Re3 Re4 45. Rxe4 dxe4 46. Ke3 h5 47. h3 Kf6 48. g4
hxg4 49. hxg4 Ke6 50. a3 a6 51. b4 Kf6 52. gxf5 Kxf5 53. a4 Ke6 54. Kxe4 Kf6
55. g3 Ke6 56. g4 Kf6 57. d5 cxd5+ 58. Kxd5 Ke7 59. Ke5 1-0

[Event "N4 ENHM/ Chaumont"]
[Site "?"]
[Date "2008.10.19"]
[Round "1"]
[White "Moret, Florian"]
[Black "Masera, Michel"]
[Result "0-1"]
[WhiteElo "1900"]
[BlackElo "1977"]
[PlyCount "34"]
[EventDate "2008.10.20"]
[SourceDate "2008.10.20"]

1. e4 c5 2. Nc3 Nc6 3. f4 g6 4. Nf3 Bg7 5. Bc4 e6 6. O-O Nge7 7. f5 d5 8. Bb5
exf5 9. exf5 Nxf5 10. Qe2+ Be6 11. Nxd5 Qxd5 12. Re1 O-O 13. d3 Rfe8 14. Ng5
Ncd4 15. Qd1 Nxb5 16. c4 Bd4+ 17. Kh1 Qc6 0-1

[Event "N4 ENHM/ Chaumont"]
[Site "?"]
[Date "2008.10.19"]
[Round "1"]
[White "Collin, Patrick"]
[Black "Kerlau, Gildas"]
[Result "0-1"]
[WhiteElo "1890"]
[BlackElo "1760"]
[PlyCount "120"]
[EventDate "2008.10.20"]
[SourceDate "2008.10.20"]

1. e4 d6 2. d4 Nf6 3. Nc3 g6 4. Nf3 Bg7 5. Be2 O-O 6. O-O Bg4 7. Be3 c6 8. Qd2
Nbd7 9. h3 Bxf3 10. Bxf3 e5 11. d5 cxd5 12. Nxd5 Nxd5 13. Qxd5 Nf6 14. Qb3 d5
15. exd5 e4 16. Be2 Qxd5 17. Bc4 Qc6 18. c3 a6 19. a4 Rac8 20. Be2 Nd5 21. Rad1
Nxe3 22. fxe3 Qc5 23. Kf2 Rc6 24. Bg4 Rf6+ 25. Ke2 Rxf1 26. Kxf1 Qxe3 27. Qxb7
Qf4+ 28. Kg1 Rb8 29. Qxa6 Rxb2 30. Qa7 Qg3 (30... Be5 $3) 31. Qa8+ Bf8 32. Qxe4
Bd6 33. Rxd6 (33. Be2 $3 Qh2+ (33... Rd2 34. Rf1) 34. Kf2 Bg3+ 35. Kf3) 33...
Qxd6 34. Qd4 Qxd4+ 35. cxd4 Rb4 36. Bd7 Rxd4 37. Bb5 Kf8 38. Kf2 Ke7 39. Ke3
Rh4 40. Kf3 Rb4 41. Kg3 f6 42. Kf3 Kd6 43. Kg3 h6 44. Be8 g5 45. Kf3 Rf4+ 46.
Kg3 Re4 47. Bb5 h5 48. Kf3 f5 49. g3 Rb4 50. Be8 Rb3+ 51. Kf2 h4 52. gxh4 gxh4
53. Kg2 Ra3 54. Bb5 Ke5 (54... Rg3+ $3 55. Kh2 f4) 55. Bc6 Kd4 56. Bd7 f4 57.
Kf2 Ke5 58. Ke2 f3+ 59. Kf2 Kf4 60. Bc6 Ra2+ 0-1

[Event "N4 ENHM/ Chaumont"]
[Site "?"]
[Date "2008.10.19"]
[Round "1"]
[White "Louot, Catherine"]
[Black "Peteuil, Camille"]
[Result "1-0"]
[WhiteElo "1530"]
[BlackElo "1190"]
[PlyCount "85"]
[EventDate "2008.10.20"]
[SourceDate "2008.10.20"]

1. d4 d5 2. Nf3 Nc6 3. Bf4 Nf6 4. e3 a6 5. c4 Bf5 6. Nbd2 e6 7. Be2 Bb4 8. O-O
O-O 9. a3 Bd6 10. Ne5 Nd7 11. Nxc6 bxc6 12. Bxd6 cxd6 13. cxd5 cxd5 14. Rc1 Rc8
15. Bxa6 Ra8 16. Rc6 Rxa6 17. Rxa6 Bd3 18. Rxd6 Bxf1 19. Kxf1 Qc7 20. Ra6 Qxh2
21. Qf3 Qb8 22. b4 Qb5+ 23. Qe2 Qb7 24. b5 Ra8 25. Rxa8+ Qxa8 26. Qd3 Qa4 27.
Qb3 Qxb3 28. Nxb3 Nb6 29. Nc5 Kf8 30. a4 Nc4 31. Ke2 Ke7 32. Kd3 Nd6 33. b6 Kd8
34. a5 Kc8 35. a6 Kb8 36. a7+ Ka8 37. Na6 Kb7 38. Nc7 Kxb6 39. a8=Q Kxc7 40.
Qa7+ Kd8 41. f3 Nc8 42. Qxf7 Ne7 43. Qxg7 1-0

[Event "N4 ENHM/ Chaumont"]
[Site "?"]
[Date "2008.10.19"]
[Round "1"]
[White "Picard, Serge"]
[Black "Zeroual, Mohammed"]
[Result "0-1"]
[WhiteElo "2097"]
[BlackElo "1870"]
[PlyCount "102"]
[EventDate "2008.10.20"]
[SourceDate "2008.10.20"]

1. e4 c5 2. Nf3 Nc6 3. d4 cxd4 4. Nxd4 Nf6 5. Nc3 e6 6. Be3 a6 7. a3 Qc7 8. Be2
b5 9. O-O Bb7 10. f3 Bc5 11. Kh1 Qb6 12. Nxc6 Bxe3 13. Nb4 h5 (13... Qc7 $3)
14. e5 $3 Ng8 15. f4 Ne7 16. Bf3 Nf5 17. Bxb7 Qxb7 18. Qf3 h4 $140 19. Ne2 (19.
Qxb7 $4 Ng3+ 20. hxg3 hxg3#) (19. Ne4 $4 Qxe4 20. Qxe4 Ng3+ 21. hxg3 hxg3+)
19... Ng3+ 20. Nxg3 hxg3 21. Qxg3 $18 Bb6 22. Rad1 O-O-O 23. Qf3 (23. Rd6 $3)
23... Qxf3 24. Rxf3 a5 25. Nd3 $6 (25. Na2 $18) 25... d5 26. b3 g6 27. g4 Rh4
28. h3 Rd7 29. Kg2 Rc7 30. Ne1 Rh8 31. Rdd3 b4 32. a4 (32. axb4 $5 axb4) 32...
Kb7 33. f5 gxf5 34. gxf5 Rg8+ 35. Rg3 Rxg3+ 36. Kxg3 Rc3 $5 37. Rxc3 bxc3 38.
h4 $6 (38. Kf3 $4 exf5) (38. Kf4 $3 Kc6 (38... Bf2 39. Nd3 Bh4 40. f6 $18) 39.
h4 Bf2 40. Nf3 d4 41. fxe6 fxe6 (41... d3 42. exf7 Bc5 43. f8=Q Bxf8 44. cxd3
c2) 42. Ke4 $18) (38. Kg4 Be3 39. fxe6 fxe6 40. Kh5 Kc6 41. Kg6 $18) 38... exf5
39. Kf4 $4 (39. Kf3 $3 Bd8 40. h5 Bg5 41. Ke2 Kc6 42. Kd3 Kd7 43. Nf3 $18) (39.
h5 Be3 40. Ng2 Bg5) 39... Bf2 $3 40. Nf3 $4 (40. Nd3 $3 Bxh4 41. Kxf5 $14)
40... d4 $3 41. Nxd4 Bxd4 42. h5 Bc5 $4 (42... Kc6 $3 43. Kxf5 Kd5 $19) 43.
Kxf5 Kc6 44. Ke4 Bf8 45. Kd4 Bg7 46. Kxc3 Bxe5+ 47. Kc4 f5 48. c3 $4 {
On peut encore sauver la nulle par 48 h6} (48. h6 $3 f4 49. Kd3 Kd5 50. c3 (50.
h7 Bh8 51. c3 f3 52. b4 f2 53. Ke2 Bxc3 54. bxa5 Bd4 55. a6 Kc6 56. a5 Kc7 57.
h8=Q Bxh8 58. Kxf2 $11) 50... Kc5 51. b4+ axb4 52. cxb4+ Kxb4 53. Ke4 $11)
48... f4 49. b4 (49. Kd3 $4 f3 50. Ke3 Bxc3 51. Kxf3 Kc5 $19) 49... f3 50. b5+
(50. Kd3 $4 axb4 51. cxb4 Bf4 $22 $19) 50... Kb6 51. Kd3 Bf4 $3 {
Oups! Zugzwang, les pions se feront prendre un par un} 0-1

[Event "N4 BME/ Epernay"]
[Site "?"]
[Date "2008.10.19"]
[Round "1"]
[White "Boillon, Vincent"]
[Black "Durant, Christophe"]
[Result "1/2-1/2"]
[WhiteElo "2157"]
[BlackElo "1954"]
[PlyCount "95"]
[EventDate "2007.10.30"]
[SourceDate "2008.10.22"]

1. d4 Nf6 2. c4 e5 3. dxe5 Ng4 4. e4 Nxe5 5. f4 Nec6 6. Be3 Bb4+ 7. Nd2 d6 8.
Ngf3 Bg4 9. Bd3 Nd7 10. O-O Bc5 11. Qe1 Qe7 12. a3 Bxe3+ 13. Qxe3 Nc5 14. Bc2
O-O 15. b4 Nd7 16. Rae1 Nb6 17. b5 Nd8 18. Nd4 Ne6 19. Nf5 Qd7 20. Ng3 Nc5 21.
f5 h5 22. h3 h4 23. Nh1 Bh5 24. g4 hxg3 25. Nxg3 Bg6 26. h4 Bh7 27. Kh2 f6 28.
Nh5 Rf7 29. Rg1 Qe7 30. Kh3 Re8 31. Qg3 Kh8 32. a4 Rg8 33. a5 Nbd7 34. Nf4 Ne5
35. Nf3 Nxf3 36. Qxf3 Qd7 37. Qh5 Re8 38. Re2 Kg8 39. Qg4 Kf8 40. h5 Ke7 41.
Qxg7 Rxg7 42. Rxg7+ Kd8 43. Rxd7+ Nxd7 44. Rg2 Rg8 45. Ne6+ Kc8 46. Rxg8+ Bxg8
47. h6 Ne5 48. Nf8 1/2-1/2

[Event "N4 BME/ Epernay"]
[Site "?"]
[Date "2008.10.19"]
[Round "1"]
[White "Collinet, Laurent"]
[Black "Aubriet, Laurent"]
[Result "1/2-1/2"]
[WhiteElo "1850"]
[BlackElo "2019"]
[PlyCount "29"]
[EventDate "2007.10.30"]
[SourceDate "2008.10.22"]

1. c4 Nf6 2. g3 g6 3. Bg2 Bg7 4. Nc3 O-O 5. e4 d6 6. Nge2 e5 7. d3 Nbd7 8. O-O
a5 9. h3 Nc5 10. Be3 Bd7 11. Kh2 c6 12. a4 Re8 13. Rb1 Na6 14. Qd2 Nb4 15. f4
1/2-1/2

[Event "N4 BME/ Epernay"]
[Site "?"]
[Date "2008.10.19"]
[Round "1"]
[White "Delmont, Jean-Robert"]
[Black "Crépaux, Jean-Marie"]
[Result "0-1"]
[WhiteElo "1970"]
[BlackElo "1940"]
[PlyCount "110"]
[EventDate "2007.10.30"]
[SourceDate "2008.10.22"]

1. d4 d5 2. c4 c6 3. Nc3 Nf6 4. e3 dxc4 5. Bxc4 Qb6 6. e4 e5 7. d5 Bc5 8. Qe2
O-O 9. Nf3 Bg4 10. O-O Nbd7 11. a3 Bd4 12. Bg5 Rac8 13. dxc6 Rxc6 14. Bb5 Rd6
15. Rac1 h6 16. Bh4 g5 17. Bg3 Nc5 18. b4 Nb3 19. Rb1 Bxc3 20. Rxb3 Bd4 21.
Rbb1 Rfd8 22. Rbc1 Nh5 23. a4 a6 24. Bc4 Rf6 25. b5 axb5 26. Bxb5 Nf4 27. Bxf4
Rxf4 28. h3 Bxf3 29. gxf3 Rd6 30. Rb1 Rdf6 31. Rb3 Qe6 32. Rfb1 Qxh3 33. Qf1
Qxf1+ 34. Rxf1 Rxf3 35. Rxf3 Rxf3 36. Bc4 b6 37. Bd5 Kg7 38. Kg2 g4 39. Rd1
Rxf2+ 40. Kg3 Rf4 41. Rxd4 h5 42. Rd3 f5 43. Re3 Kf6 44. Bc6 Kg5 45. exf5 h4+
46. Kg2 Rc4 47. Bb5 Rc2+ 48. Re2 Rxe2+ 49. Bxe2 Kxf5 50. Bb5 Kf4 51. Be2 e4 52.
Bd1 g3 53. Be2 Ke3 54. Bg4 Kd2 55. Kf1 e3 0-1

[Event "N4 BME/ Epernay"]
[Site "?"]
[Date "2008.10.19"]
[Round "1"]
[White "Schelfout-Melin, Marie"]
[Black "Colin, Stéphanie"]
[Result "1-0"]
[WhiteElo "1770"]
[BlackElo "1844"]
[PlyCount "103"]
[EventDate "2007.10.30"]
[SourceDate "2008.10.22"]

1. e4 e6 2. d4 d5 3. exd5 exd5 4. Bd3 Nc6 5. c3 Bd6 6. Ne2 Nge7 7. Bf4 Be6 8.
O-O Qd7 9. Bxd6 Qxd6 10. Nd2 Bf5 11. Qc2 Bxd3 12. Qxd3 O-O-O 13. Ng3 g6 14.
Rfe1 h5 15. Ngf1 Rdg8 16. Qg3 Qf6 17. Nf3 Nf5 18. Qg5 Qg7 19. Ne3 Nce7 20. Nxf5
Nxf5 21. Nh4 Nxh4 22. Qxh4 g5 23. Qg3 f6 24. Qf3 Qf7 25. Qf5+ Kb8 26. Re6 Qd7
27. Rxf6 Qb5 28. b3 Re8 29. Qxg5 Qd3 30. Qg3 Qe2 31. h3 Qb2 32. Rf1 Qxa2 33.
Rf7 Qa5 34. f4 Rhg8 35. Qd3 Qa2 36. Qf3 Re2 37. Rf2 Qb1+ 38. Kh2 Re1 39. g3
Qxb3 40. Rf5 Rge8 41. Re5 a6 42. Rxe8+ Rxe8 43. f5 Qa3 44. f6 h4 45. g4 Qd6+
46. Qf4 Qf8 47. g5 Re4 48. Qf3 Qd6+ 49. Kg2 Qf8 50. f7 Re7 51. Qf6 Re3 52. Rf3
1-0

[Event "N4 BME/ Epernay"]
[Site "?"]
[Date "2008.10.19"]
[Round "1"]
[White "Dhaussy, Adrien"]
[Black "Barreaud, Samuel"]
[Result "1/2-1/2"]
[WhiteElo "1840"]
[BlackElo "1830"]
[PlyCount "107"]
[EventDate "2007.10.30"]
[SourceDate "2008.10.22"]

1. e4 c6 2. d4 d5 3. exd5 cxd5 4. c4 Nf6 5. Nc3 Nc6 6. Nf3 e6 7. c5 a6 8. Bd3
Be7 9. O-O O-O 10. a3 b5 11. b4 Ne8 12. Bf4 f5 13. Ne5 Nxe5 14. Bxe5 Bf6 15.
Re1 Bxe5 16. Rxe5 Nc7 17. Re3 Qf6 18. Ne2 f4 19. Re5 f3 20. Ng3 fxg2 21. Ra2
Qf3 22. Qxf3 Rxf3 23. Be2 Rf4 24. Rd2 g6 25. Kxg2 a5 26. Re3 axb4 27. axb4 Bd7
28. Bd1 Ra1 29. Ne2 Rf8 30. Nc3 Rfa8 31. Ree2 R1a3 32. Re3 Kf7 33. Rf3+ Kg7 34.
Re3 Kf7 35. Rf3+ Kg7 36. Rdd3 R3a6 37. Rf4 Rf8 38. Rxf8 Kxf8 39. Re3 Ra1 40.
Be2 Ra8 41. Kg3 Kg7 42. Rf3 Rf8 43. Rxf8 Kxf8 44. Kf4 Kf7 45. Ke5 Ke7 46. h4 h6
47. Bd3 g5 48. hxg5 hxg5 49. f4 gxf4 50. Kxf4 Kf6 51. Be2 Be8 52. Bd3 Bd7 53.
Be2 Be8 54. Bd3 1/2-1/2

[Event "N4 BME/ Epernay"]
[Site "?"]
[Date "2008.10.19"]
[Round "1"]
[White "Vega, Emmanuel"]
[Black "Cazzaro, Dorian"]
[Result "0-1"]
[WhiteElo "1670"]
[BlackElo "1832"]
[PlyCount "112"]
[EventDate "2007.10.30"]
[SourceDate "2008.10.22"]

1. e4 c5 2. Nf3 d6 3. d4 cxd4 4. Nxd4 Nf6 5. Nc3 g6 6. Bd3 Bg7 7. Nb3 Nc6 8.
Bg5 O-O 9. Qd2 a6 10. Bh6 d5 11. Bxg7 Kxg7 12. exd5 Nxd5 13. O-O-O Be6 14. h4
Nf6 15. h5 Rh8 16. h6+ Kf8 17. Nc5 Qc8 18. Rhe1 Nd8 19. Nxe6+ Nxe6 20. Ne4 Ne8
21. Ng5 Nxg5 22. Qxg5 f6 23. Qe3 Qc7 24. g4 Nd6 25. g5 Re8 26. Re2 f5 27. Qd4
Rg8 28. Rde1 Nf7 29. Bc4 e5 30. f4 Rc8 31. Rxe5 Nxe5 32. Rxe5 Rd8 33. Qc3 Qd6
34. Rd5 Qxf4+ 35. Qd2 (35. Kb1 $18) 35... Qxd2+ 36. Kxd2 Ke7 37. Ke3 Rxd5 38.
Bxd5 Rb8 39. c4 b6 40. a4 a5 41. Kf4 Kd6 42. b3 Re8 43. Bf7 Re7 44. Bg8 Kc5 45.
Bd5 Kb4 46. c5 Kxc5 47. Bg8 Kd6 48. Kf3 Ke5 49. Kg3 f4+ 50. Kg4 f3 51. Bc4 Ke4
52. Ba6 Rf7 53. Bc4 Rf8 54. Bf1 f2 55. Bg2+ Kd4 56. Bf1 Kc3 0-1

[Event "N4 BME/ Epernay"]
[Site "?"]
[Date "2008.10.19"]
[Round "1"]
[White "Guilbaud, Bertrand"]
[Black "Marchal, Ludovic"]
[Result "1-0"]
[WhiteElo "1830"]
[BlackElo "1630"]
[PlyCount "121"]
[EventDate "2007.10.30"]
[SourceDate "2008.10.22"]

1. c4 e5 2. Nc3 Nf6 3. Nf3 Nc6 4. g3 Bb4 5. Bg2 Bxc3 6. bxc3 O-O 7. O-O e4 8.
Nd4 Ne5 9. d3 exd3 10. exd3 h6 11. Re1 Re8 12. Bf4 Ng6 13. Rxe8+ Nxe8 14. Be3
d6 15. Rb1 Rb8 16. Nb3 b6 17. Nd4 Bb7 18. Bxb7 Rxb7 19. Nc6 Qf6 20. Bd4 Qf5 21.
Qe2 Nf6 22. Bxf6 Qxf6 23. Qe8+ Kh7 24. Qc8 Qf3 25. Qxb7 Ne5 26. Nd8 Qxd3 27.
Rf1 Qxc4 28. Qg2 Qxc3 29. f4 Ng4 30. Qf3 Qd4+ 31. Kh1 h5 32. Nxf7 Qb2 33. Ng5+
Kh6 34. Qg2 Qxg2+ 35. Kxg2 Ne3+ 36. Kf2 Nxf1 37. Kxf1 Kg6 38. Ke2 Kf5 39. Kf3
d5 40. h3 c5 41. g4+ hxg4+ 42. hxg4+ Kf6 43. Ke3 b5 44. a3 a5 45. Kd3 a4 46.
Kc3 Ke7 47. f5 d4+ 48. Kd3 b4 49. axb4 cxb4 50. Nf3 b3 51. Nxd4 b2 52. Kc2 a3
53. Nb5 Kf6 54. Nxa3 g6 (54... b1=R $3 55. Kxb1 Kg5 $11) 55. fxg6 Kxg6 56. Nc4
Kg5 57. Ne3 b1=Q+ 58. Kxb1 Kf4 59. Kc2 Kxe3 60. g5 Kf4 61. g6 1-0

[Event "N4 BME/ Epernay"]
[Site "?"]
[Date "2008.10.19"]
[Round "1"]
[White "Pithois, Steven"]
[Black "Lin, Yun"]
[Result "0-1"]
[WhiteElo "1460"]
[BlackElo "1540"]
[PlyCount "120"]
[EventDate "2007.10.30"]
[SourceDate "2008.10.22"]

1. e4 c6 2. Nf3 d5 3. exd5 cxd5 4. d4 Nc6 5. Bb5 Bd7 6. O-O Nf6 7. Nc3 a6 8.
Bxc6 Bxc6 9. Bf4 e6 10. Ne5 Bd6 11. Nxc6 bxc6 12. Bxd6 Qxd6 13. Qe2 O-O 14. a3
Rfe8 15. Rfe1 c5 16. dxc5 Qxc5 17. Na4 Qb5 18. Qxb5 axb5 19. Nc5 Rec8 20. b4
Rc7 21. f3 Nd7 22. Nxd7 Rxd7 23. c3 Rc7 24. Re3 Rac8 25. a4 bxa4 26. Rxa4 h6
27. b5 Rxc3 28. Rxc3 Rxc3 29. Ra8+ Kh7 30. b6 Rb3 31. Rb8 Kg6 32. Kf2 Kf6 33.
Ke2 Ke5 34. Rb7 g6 35. Rxf7 Rxb6 36. f4+ Ke4 37. Kf2 e5 38. Kg3 exf4+ 39. Rxf4+
Ke5 40. h4 Rf6 41. Rg4 Rd6 42. Kf3 d4 43. Re4+ Kd5 44. Re1 d3 45. Ke3 Kc4 46.
Kd2 Kd4 47. Re3 Kc4 48. g4 Kc5 49. Rxd3 Rxd3+ 50. Kxd3 Kd5 51. Ke3 Ke5 52. Kf3
g5 53. h5 Kd4 54. Kf2 Ke4 55. Kg3 Ke3 56. Kh3 Kf4 57. Kh2 Kxg4 58. Kg2 Kxh5 59.
Kg3 g4 60. Kf4 Kh4 0-1

[Event "N4 Bogny/Ech Aubois"]
[Site "?"]
[Date "2008.10.19"]
[Round "1"]
[White "Guyon, Cyndie"]
[Black "Fournier, Manuel"]
[Result "1/2-1/2"]
[WhiteElo "1877"]
[BlackElo "2043"]
[PlyCount "66"]
[EventDate "2007.10.30"]
[SourceDate "2008.10.22"]

1. d4 d5 2. c4 e6 3. Nc3 Nf6 4. Nf3 c6 5. e3 Nbd7 6. Bd3 Bd6 7. O-O O-O 8. e4
dxc4 9. Bxc4 e5 10. h3 h6 11. Be3 Re8 12. Qb3 Qe7 13. dxe5 Nxe5 14. Nxe5 Bxe5
15. f3 b5 16. Be2 Be6 17. Qc2 Rad8 18. Rad1 a6 19. Rxd8 Rxd8 20. Rd1 Bg3 21. f4
Bc8 22. Rxd8+ Qxd8 23. Bf3 Be1 24. Qc1 Bxc3 25. Qxc3 Bb7 26. Qc2 Qa5 27. Qd3 c5
28. Bxc5 Qxa2 29. Bd4 Qc4 30. Qxc4 bxc4 31. Bxf6 gxf6 32. Be2 Bxe4 33. Bxc4 a5
1/2-1/2

[Event "N4 Bogny/Ech Aubois"]
[Site "?"]
[Date "2008.10.19"]
[Round "1"]
[White "Hascher, Nicolas"]
[Black "Flamant, Jacky"]
[Result "1/2-1/2"]
[WhiteElo "2004"]
[BlackElo "1888"]
[PlyCount "116"]
[EventDate "2007.10.30"]
[SourceDate "2008.10.22"]

1. d4 Nf6 2. Nf3 d5 3. c4 c6 4. Nc3 Bg4 5. Qb3 Qb6 6. c5 Qxb3 7. axb3 Nbd7 8.
Bf4 e6 9. e3 Be7 10. Bd3 O-O 11. O-O Rfe8 12. b4 Bxf3 13. gxf3 Nh5 14. Bg3 Bf6
15. b5 Nxg3 16. hxg3 e5 17. bxc6 bxc6 18. Bf5 Nf8 19. dxe5 Bxe5 20. Ra6 d4 21.
exd4 Bxd4 22. Be4 Bxc5 23. Rxc6 Rac8 24. Rd1 Rxc6 25. Bxc6 Rb8 26. Rd2 Bb4 27.
Re2 Ne6 28. Re5 Bxc3 29. bxc3 Rc8 30. Bd7 Rxc3 31. Bxe6 fxe6 32. Rxe6 Rxf3 33.
Ra6 Rf7 34. f4 h5 35. Kg2 h4 36. gxh4 Rxf4 37. Kg3 Rf7 38. Kg4 Rb7 39. Kf5 Kf7
40. h5 Rc7 41. Ra5 Re7 42. Ra6 Ke8 43. Rd6 Kf7 44. Ra6 Rb7 45. Ra5 Ke7 46. Ra6
Kd7 47. h6 gxh6 48. Rxh6 Rb5+ 49. Ke4 a5 50. Ra6 Kc7 51. Kd3 Kb7 52. Rh6 Rc5
53. Kd4 Rc1 54. Kd3 a4 55. Rh4 a3 56. Ra4 Rh1 57. Kc2 Rh3 58. Kb1 Rg3 1/2-1/2

[Event "N4 Bogny/Ech Aubois"]
[Site "?"]
[Date "2008.10.19"]
[Round "1"]
[White "Leghbali, Sophiane"]
[Black "Guillaume, Jean-François"]
[Result "1/2-1/2"]
[WhiteElo "1876"]
[BlackElo "1940"]
[PlyCount "138"]
[EventDate "2007.10.30"]
[SourceDate "2008.10.22"]

1. e4 c5 2. Nf3 Nc6 3. d4 cxd4 4. Nxd4 g6 5. Nc3 Bg7 6. Be3 Nf6 7. f3 Qb6 8.
Ncb5 Qa5+ 9. c3 a6 10. Nb3 Qd8 11. N5d4 d5 12. exd5 Nxd5 13. Nxc6 bxc6 14. Bd4
Nf6 15. Bc4 O-O 16. O-O Qc7 17. Qe2 Nd5 18. Bxg7 Kxg7 19. Rfe1 Nb6 20. Bd3 c5
21. Bc4 Qf4 22. Nd2 Nxc4 23. Nxc4 Be6 24. Qe5+ Qxe5 25. Nxe5 Rfb8 26. b3 a5 27.
Re4 Ra6 28. Nd3 Rc6 29. Nf4 Rbb6 30. Nxe6+ Rxe6 31. Rae1 Kf6 32. Kf2 Rxe4 33.
Rxe4 e6 34. Ke3 Ke7 35. Ra4 c4 36. Rxc4 Rb5 37. Rd4 Re5+ 38. Re4 Rd5 39. Rd4
Re5+ 40. Kf2 Rc5 41. c4 e5 42. Rd2 Ke6 43. Ke3 Ke7 44. h4 Ke6 45. g3 h5 46. Ke4
f6 47. Rd8 f5+ 48. Ke3 a4 49. Ra8 axb3 50. Ra6+ Kf7 51. axb3 Rc7 52. Rd6 Ra7
53. Rd2 Rb7 54. Rb2 Rc7 55. Rc2 Ke6 56. Rd2 Rb7 57. Rd3 Rb4 58. Kd2 e4 59. Re3
Ke5 60. Kc3 Rb8 61. fxe4 fxe4 62. c5 Kd5 63. b4 Ra8 64. Kb3 Rf8 65. Kc2 Rf2+
66. Kc3 Ra2 67. Kb3 Rf2 68. Kc3 Ra2 69. Kb3 Rf2 1/2-1/2

[Event "N4 Ech Aubois/Bogny"]
[Site "?"]
[Date "2008.10.19"]
[Round "1"]
[White "Guyot, Philippe"]
[Black "Alcidi, Valentin"]
[Result "0-1"]
[WhiteElo "2021"]
[BlackElo "1864"]
[PlyCount "110"]
[EventDate "2007.10.30"]
[SourceDate "2008.10.22"]

1. c4 e5 2. g3 Nf6 3. Bg2 Bc5 4. Nc3 Nc6 5. e3 O-O 6. Nge2 d6 7. O-O Bg4 8. h3
Be6 9. d4 exd4 10. exd4 Nxd4 11. Nxd4 Bxc4 12. Re1 c6 13. Be3 Qd7 14. Qc2 d5
15. Rad1 Rfe8 16. b3 Bxd4 17. Bxd4 Ba6 18. Bxf6 gxf6 19. Ne4 Qf5 20. Kh2 dxe4
21. Rxe4 Rxe4 22. Bxe4 Qh5 23. Re1 Rd8 24. Bf5 Qh6 25. Re3 Rd5 26. f4 Qf8 27.
Rf3 Qd6 28. Rf2 h6 29. Bg4 Bd3 30. Qc3 Rc5 31. Qb2 Be4 32. h4 f5 33. Bh5 Rd5
34. a3 Rd4 35. b4 Qd5 36. a4 Qd6 37. b5 c5 38. Qa2 Qe6 39. Qa3 b6 40. Rb2 Qc4
41. Qa2 Kg7 42. a5 Bd5 43. Qb1 Qd3 44. Qe1 Qe4 45. Re2 Qd3 46. axb6 axb6 47.
Rf2 Re4 48. Qc1 Re3 49. Rd2 Qe4 50. Qa1+ Kh7 51. Rxd5 Qxd5 52. Qf6 Qe6 53. Qd8
Qa2+ 54. Kh3 Qf2 55. Bg6+ Kg7 0-1

[Event "N4 Ech Aubois/Bogny"]
[Site "?"]
[Date "2008.10.19"]
[Round "1"]
[White "Prioux, Michel"]
[Black "Ferrand, Christophe"]
[Result "0-1"]
[WhiteElo "1839"]
[BlackElo "1890"]
[PlyCount "88"]
[EventDate "2007.10.30"]
[SourceDate "2008.10.22"]

1. d4 Nf6 2. Nf3 e6 3. Bf4 b6 4. e3 Bb7 5. Bd3 c5 6. c3 Be7 7. Nbd2 O-O 8. O-O
Nd5 9. Bg3 f5 10. h3 Nf6 11. Re1 Ne4 12. Bh2 d6 13. c4 Nd7 14. Rb1 Ndf6 15. Bf1
Rc8 16. Nxe4 Nxe4 17. Nd2 Qe8 18. f3 Nf6 19. b4 Qg6 20. bxc5 dxc5 21. Rb2 Rfd8
22. Nb3 Nh5 23. g4 Bh4 24. Bg2 Ng3 25. Bxg3 Bxg3 26. Ree2 cxd4 27. exd4 Qf6 28.
d5 Rxc4 29. Rbd2 Bxd5 30. f4 Qf7 31. Rxd5 exd5 32. Rd2 d4 33. Qe2 Rcc8 34. Qf3
Bh4 35. Qd1 Re8 36. Kh2 Qc7 37. Rxd4 fxg4 38. hxg4 Bf6 39. Rd7 Qxf4+ 40. Kh1
Be5 41. Kg1 Qh2+ 42. Kf1 Rf8+ 43. Bf3 Qh1+ 44. Ke2 Qxf3+ 0-1

[Event "N4 Ech Aubois/Bogny"]
[Site "?"]
[Date "2008.10.19"]
[Round "1"]
[White "Guerin, Anthonin"]
[Black "Renard, Luc"]
[Result "1-0"]
[WhiteElo "1730"]
[BlackElo "1720"]
[PlyCount "42"]
[EventDate "2007.10.30"]
[SourceDate "2008.10.22"]

1. d4 d5 2. Nf3 Nf6 3. c4 e6 4. Nc3 Nbd7 5. Bg5 Be7 6. e3 O-O 7. Bd3 dxc4 8.
Bxc4 c5 9. O-O cxd4 10. Nxd4 Nb6 11. Bb3 Nfd5 12. Bxe7 Nxe7 13. Qe2 Ned5 14.
Rac1 a6 15. Rfd1 Nxc3 16. Rxc3 Nd5 17. Rc2 Qb6 18. Rcd2 Nf6 19. Bc2 e5 20. Nb3
Be6 21. Rd6 Qc7 1-0